The Black Mountain (Record no. 1925)

000 -LEADER
fixed length control field 00595nam a22002057a 4500
005 - DATE AND TIME OF LATEST TRANSACTION
control field 20210419074157.0
008 - FIXED-LENGTH DATA ELEMENTS--GENERAL INFORMATION
fixed length control field 201121s1955 ||||| |||| 00| 0 eng d
020 ## - INTERNATIONAL STANDARD BOOK NUMBER
International Standard Book Number 0553272918
040 ## - CATALOGING SOURCE
Original cataloging agency eng
Transcribing agency eng
080 ## - UNIVERSAL DECIMAL CLASSIFICATION NUMBER
Universal Decimal Classification number 821.111
Item number S-87
100 ## - MAIN ENTRY--PERSONAL NAME
9 (RLIN) 253
Personal name Stout, Rex
245 ## - TITLE STATEMENT
Title The Black Mountain
Remainder of title : A Nero Wolfe Novel.
Statement of responsibility, etc. / by: Bantam Books
260 ## - PUBLICATION, DISTRIBUTION, ETC.
Place of publication, distribution, etc. New York
Name of publisher, distributor, etc. Bantam Books
Date of publication, distribution, etc. 1955
300 ## - PHYSICAL DESCRIPTION
Extent 192 p.
365 ## - TRADE PRICE
Price amount 3.95 usd
490 ## - SERIES STATEMENT
Series statement A Nero Wolfe Novel
650 #0 - SUBJECT ADDED ENTRY--TOPICAL TERM
9 (RLIN) 254
Topical term or geographic name entry element English literature
653 ## - INDEX TERM--UNCONTROLLED
Uncontrolled term ინგლისური ლიტერატურა
942 ## - ADDED ENTRY ELEMENTS (KOHA)
Source of classification or shelving scheme
Koha item type Books
Holdings
Withdrawn status Lost status Source of classification or shelving scheme Damaged status Not for loan Permanent location Current location Date acquired Inventory number Total Checkouts Full call number Barcode Date last seen Price effective from Koha item type
          Ken Walker International University Ken Walker International University 03/04/2021 1895   821.111 S-87 1895 03/04/2021 03/04/2021 Books

Powered by Koha